00589nam a2200169Ia 4500008004100000020002200041050001600063100002000079245009200099250000600191260004300197300001100240440004300251500003300294650003800327710005400365120626s9999 xx 000 0 und d a978-968-16-5725-3 aJC263 H4518 aHELLER, Hermann aTeoría del Estado / Hermann Heller; ed. y pról. de Gerhart Niemeyer; tr. Luis Tobio a2 aMéxico: Fondo de Cultura Económica a398 p, aSeccion de obras de politica y derecho aTitulo Original: staatslehre a1. ESTADO, EL 2. CIENCIA POLITICA aI. Niemeyer, Gerhart, ed. II. Tobio, Luis, tr.Ì